| 000 | 00833nam a22002057a 4500 | ||
|---|---|---|---|
| 003 | BD-DhUL | ||
| 005 | 20230611103642.0 | ||
| 008 | 230607s2023 bg a|||| |||| 000 0 ben | ||
| 020 | _a9789849737827 (hbk) | ||
| 040 |
_aBD-DhUL _cBD-DhUL |
||
| 082 |
_a954.03 _bNIB |
||
| 100 | 1 | _aনিজামী, মাহমুদুল হাসান। | |
| 245 | 0 |
_aভারতীয় উপমহাদেশে ব্রিটিশদের নির্মমতার ইতিহাস / _cমাহমুদুল হাসান নিজামী। |
|
| 260 |
_aঢাকা : _bআদিত্য, _c২০২৩। |
||
| 300 |
_a৯৬ পৃ. : _bচিত্র ; _c২২ সেমি। |
||
| 365 |
_aBDT _b300.0 |
||
| 650 | 4 |
_aভারত _vইতিহাস। |
|
| 650 | 4 |
_aIndia _vHistory. |
|
| 942 |
_2ddc _cBK |
||
| 999 |
_c258488 _d258488 |
||